| 000 | 00464 a2200157 4500 | ||
|---|---|---|---|
| 999 |
_c8499 _d8499 |
||
| 020 | _a0949981339 | ||
| 050 | 0 | 0 | _aPL8745.4.3 CUE 1967 |
| 100 | 1 | _aCuenod, R. | |
| 245 | 1 | 0 |
_aTsonga-English dictionary, _ccompiled by R. Cuenod. |
| 264 |
_aBraamfontein: _bSasavona Publishers & Booksellers, _c1967 |
||
| 300 | _a286 p. | ||
| 500 | _a----- | ||
| 650 | 0 |
_aTsonga language _xEnglish. |
|
| 710 | 2 | _aMission suisse dans l'Afrique du Sud. | |
| 942 |
_2lcc _cBK _h8745.3 _iCUE _kPL |
||